Design of Fabrication of Automatic Single Axis Tracker for Solar Panle (Record no. 57539)

MARC details
000 -LEADER
fixed length control field 00319nam a22001097a 4500
100 ## - MAIN ENTRY--AUTHOR NAME
Personal name Naveed, Ali
-- 13ME37
245 ## - TITLE STATEMENT
Title Design of Fabrication of Automatic Single Axis Tracker for Solar Panle
260 ## - PUBLICATION, DISTRIBUTION, ETC. (IMPRINT)
Place of publication Nawabshah:
Name of publisher QUEST,
Year of publication 2016.
300 ## - PHYSICAL DESCRIPTION
Number of Pages 44p. ;
700 ## - ADDED ENTRY--PERSONAL NAME
Personal name Department of Mechanical Engineering
942 ## - ADDED ENTRY ELEMENTS (KOHA)
Koha item type Thesis and Dissertation
Holdings
Withdrawn status Lost status Home library Current library Date acquired Full call number Accession Number Koha item type
    Central Library, QUEST, Nawabshah Research Section 29/03/2017 13ME37 MEP/28-366 Thesis and Dissertation